Arkadaşım Nesreddin Hoca / (Record no. 23483)

MARC details
000 -BAŞLIK
Sabit Uzunluktaki Kontrol Alanı 00708nam a22002177a 4500
003 - KONTROL NUMARASI KİMLİĞİ
Kontrol Alanı koha_MIRAKIL
005 - EN SON İŞLEM TARİHİ ve ZAMANI
Kontrol Alanı 20260415103517.0
008 - SABİT UZUNLUKTAKİ VERİ ÖGELERİ - GENEL BİLGİ
Sabit Alan 260415b tur||||| |||| 00| 0 tur d
020 ## - ISBN - ULUSLARARASI STANDART KİTAP NUMARASI
Isbn 9789944696326
040 ## - KATALOGLAMA KAYNAĞI
Özgün Kataloglama Kurumu TR-IsEVY
Kataloglama Dili tur
Çeviri Kurumu TR-IsEVY
082 ## - DEWEY ONU SINIFLAMA SİSTEMİ
Sınıflama Numarası 817 BUL/A
100 ## - KİŞİ ADI
Yazar Adı (Kişi adı) Bulut, Süleyman
245 #0 - ESER ADI BİLDİRİMİ
Başlık Arkadaşım Nesreddin Hoca /
Sorumluluk Bildirimi Süleyman Bulut ; resimleyen İlham Enveroğlu.
250 ## - BASIM BİLDİRİMİ
Basım Bildirimi 3. bs.
260 ## - YAYIN, DAĞITIM, VB.
Yayın Yeri İzmir :
Yayınevi Tudem Yayınları,
Yayın Tarihi 2014.
300 ## - FİZİKSEL TANIMLAMA
Sayfa, Cilt vb. 151 s. :
Diğer fiziki detaylar renkli resimli ;
Boyutları 21 cm.
600 14 - KONU BAŞLIĞI EK GİRİŞİ - KİŞİ ADI
Kişi Adı Nesreddin Hoca.
650 ## - KONU BAŞLIĞI EK GİRİŞ - KONU TERİMİ
Konusal terim veya coğrafi ad Türk Mizahı.
Alt başlık biçimi Çocuk Edebiyatı. Çocuk Fıkraları.
-- Çocuk Fıkraları.
700 1# - EK GİRİŞ - KİŞİ ADI
Yazar Adı (Kişi adı) Enveroğlu, İlham.
Ünvan resimleyen.
942 ## - EK GİRİŞ ÖGELERİ (KOHA)
Source of classification or shelving scheme Dewey Decimal Classification
Koha item type Kitap
Holdings
Kayıp Durumu Sınıflandırma Kaynağı Hasarlı Durumu Koleksiyon Kodu Kalıcı Konum Mevcut Konum Kayıt Tarih Toplam Ödünçverme Yer Numarası Demirbaş Numarası Son Görülme Tarihi Fatura Tarihi Materyal Türü
  Dewey Decimal Classification   İlkokul İLKOKUL KÜTÜPHANESİ İLKOKUL KÜTÜPHANESİ 15/04/2026   817 BUL/A 25094 15/04/2026 15/04/2026 Kitap